Countries at 5°N Latitude - Statistics

General Stats
  • This quiz has been taken 147 times
  • The average score is 18 of 20
Answer Stats
Country % Correct
Indonesia
97%
Venezeula
97%
Colombia
96%
Guyana
96%
Somalia
96%
Suriname
96%
South Sudan
95%
Brazil
93%
Ethiopia
93%
Malaysia
93%
Democratic Republic of the Congo
92%
Nigeria
92%
Central African Republic
91%
Cameroon
89%
Philippines
86%
Ghana
83%
Ivory Coast
83%
Brunei
78%
Liberia
78%
France (French Guiana)
69%
No matching quizzes found
Score Distribution
Percent of People with Each Score
Percentile by Number Answered
Your Score History
You have not taken this quiz